Which World War? - Statistics

General Stats
  • This quiz has been taken 59 times
  • The average score is 10 of 15
Answer Stats
Question Answer % Correct
Bombs were dropped on Hiroshima and Nagasaki WW2
93%
Germany adopted a strategy called "blitzkrieg" WW2
91%
Stalin was in power WW2
85%
Zimmerman Telegram WW1
78%
Treaty of Versailles WW1
76%
Submarines were used Both
74%
Russia pulled out of the war WW1
65%
Austria-Hungary fought against Italy WW1
65%
The Bismarck was in use by the Kriegsmarine WW2
61%
Queen Elizabeth worked as a mechanic WW2
59%
France was invaded Both
54%
Switzerland was invaded Neither
52%
Pickelhaubes were used by Germany WW1
50%
Hitler was involved Both
48%
Referred to as "The war to end all wars" WW1
41%
No matching quizzes found
Score Distribution
Percent of People with Each Score
Percentile by Number Answered
Your Score History
You have not taken this quiz